Voc. Weather and the environment - Statistiques

Statistiques générales
  • Ce quiz a été pris 39 fois
  • Le résultat moyen est 25 sur 65
Statistiques - réponses
Mot en français Traduction % Correct
nuageux cloudy
81%
est east
81%
nord north
81%
sud south
76%
la pollution pollution
71%
pluvieux rainy
71%
ouest west
71%
le tonnerre thunder
67%
venteux windy
67%
midi midday / noon
62%
briller to shine
62%
une tempête storm
57%
le lever du soleil sunrise
57%
geler to freeze
57%
le tremblement de terre earthquake
52%
le coucher du soleil sunset
52%
le brouillard fog
48%
la pluie acide acid rain
43%
l'aube dawn
43%
le crépuscule dusk
43%
la couche d'ozone ozone layer
43%
souffler to blow
43%
le verglas black ice
38%
la sécheresse drought
38%
degré Farenheit
38%
effet de serre greenhouse effect
38%
un danger hazard
38%
vague de chaleaur heat wave
38%
une forte pluie heavy rain
38%
la foudre lightning
38%
pollué polluted
38%
les conditions météorologiques weather conditions
38%
les prévisions météorologiques weather forecast
38%
refroidissement chill
33%
la gelée frost
33%
la grêle hail
33%
un ouragan hurricane
33%
le bulletin météo weather report
33%
une innodation flood
29%
la chaleau heat
29%
verglacé icy
29%
couler, ruiceler to pour
29%
humide damp
24%
l'aurore daybreak
24%
les gaz d'échappement exhaust fumes
24%
coup de vent gale
24%
emissions de gaz / CO2 gas / CO2 emissions
24%
environ 21°C lower seventies
24%
environ 15°C mid sixties
24%
la brume mist
24%
chutes de neige modérées moderate snowfall
24%
dehors outdoors
24%
une averse shower
24%
une période spell
24%
tempête thunderstorm
24%
un raz-de-marée tidal wave
24%
ensoleillé bright
19%
une rafale gust
19%
doux mild
19%
températures modéré mild temperatures
19%
ciel couvert overcast sky
19%
précipitation rainfall
19%
des averses intermittentes scattered showers
19%
des vents violents strong winds
19%
des éclaircies sunny intervals
19%
Aucun quiz correspondant
Distribution des résultats
% des personnes avec chaque résultat
Percentile par nombre de réponses
Votre historique - résultats
Vous n’avez pas pris ce quiz